Every Piece of Equipment on Tom Clancy's Rainbow Six Siege - Statistics

General Stats
  • This quiz has been taken 723 times
    715 since last reset
  • The average score is 10 of 14
Answer Stats
Team Equipment % Correct
Attackers Frag Grenade
93%
Defenders Impact Grenade
85%
Defenders Barbed Wire
83%
Attackers Smoke Grenade
79%
Defenders Nitro Cell
78%
Defenders Bulletproof Camera
77%
Attackers Breach Charge
74%
Attackers Stun Grenade
71%
Attackers Impact EMP Grenade
70%
Attackers Claymore
69%
Defenders Deployable Shield
67%
Attackers Hard Breach Charge
65%
Defenders Proximity Alarm
53%
Defenders Observation Blocker
49%
No matching quizzes found
Score Distribution
Percent of People with Each Score
Percentile by Number Answered
Your Score History
You have not taken this quiz since the last reset